| 000 | 00330nam a2200097Ia 4500 | ||
|---|---|---|---|
| 082 | _a344.47068 OCCU | ||
| 245 | 0 | _aOccupational Health and Safety Act 85 of 1993 & Regulations, updated 2010 | |
| 100 |
_a South Africa Claremont [South Africa], 2010 10th ed _925241 |
||
| 942 | _cBK | ||
| 008 | 210817s9999 xx 000 0 und d | ||
| 999 |
_c98680 _d98679 |
||